000 00447nam a2200181Ia 4500
003 OSt
005 20250224113356.0
008 210210b1943 xxu||||| |||| 00| 0 eng d
040 _cAL
041 _aeng
082 _a516/62
100 _aLONEY (S L)
_9202162
245 _aDynamics of a particle and of bigid rodies
260 _aCambridge
_bAt the University Press
_c1943
690 _astatics
_9202170
906 _a007778
942 _2ddc
_cBK
999 _c140445
_d140445